Countries Visited by US Presidents - Statistics

General Stats
  • This quiz has been taken 437 times
  • The average score is 79 of 116
Answer Stats
Answer % Correct
United Kingdom
96%
Germany
93%
Canada
92%
France
92%
China
91%
Mexico
91%
Russia
91%
Spain
91%
Japan
90%
Argentina
89%
Brazi
89%
Italy
89%
Australia
87%
Sweden
87%
Austria
86%
Finland
86%
India
86%
Ireland
86%
Portugal
86%
Belgium
85%
Egypt
85%
Greece
85%
Iran
85%
Iraq
85%
Norway
85%
Chile
84%
New Zealand
84%
South Africa
84%
South Korea
84%
Israel
83%
Netherlands
82%
Poland
82%
Colombia
81%
Cuba
81%
Denmark
81%
Ukraine
81%
Indonesia
80%
Turkey
80%
Saudi Arabia
79%
Switzerland
79%
Peru
77%
Slovakia
77%
Afghanistan
76%
Czechia
76%
Pakistan
76%
Venezuela
76%
Vietnam
76%
Albania
75%
Hungary
75%
Latvia
75%
Morocco
75%
Panama
75%
Slovenia
75%
Thailand
75%
Lithuania
74%
Romania
74%
Vatican City
74%
Croatia
73%
Estonia
73%
Iceland
73%
Cambodia
72%
United Arab Emirates
72%
Belarus
70%
Bulgaria
70%
Guatemala
70%
Haiti
70%
Laos
70%
Costa Rica
68%
Uruguay
68%
Malaysia
67%
Syria
67%
Ecuador
66%
Nicaragua
66%
Oman
66%
Qatar
66%
Taiwan
66%
El Salvador
65%
Honduras
65%
Jordan
65%
Philippines
65%
Singapore
65%
Kuwait
64%
Bahrain
61%
Bangladesh
61%
Jamaica
61%
Kenya
61%
Bosnia-Herzegovina
60%
Nigeria
60%
Ethiopia
59%
Malta
59%
Burma
57%
Kosovo
54%
Tunisia
54%
Georgia
52%
Mongolia
52%
Brunei
50%
Tanzania
50%
Suriname
49%
Somalia
48%
Barbados
47%
Trinidad and Tobago
45%
Ghana
41%
Macedonia
41%
Grenada
39%
Soviet Union
39%
Liberia
37%
Senegal
36%
Uganda
36%
Yugoslavia
35%
Botswana
33%
Rwanda
30%
Benin
29%
Czechoslovakia
25%
West Germany
19%
South Vietnam
9%
Palestinian Authority
1%
No matching quizzes found
Score Distribution
Percent of People with Each Score
Percentile by Number Answered
Your Score History
You have not taken this quiz